Normal view
MARC view
Entry Personal Name
001 - CONTROL NUMBER
- control field: 365888
003 - CONTROL NUMBER IDENTIFIER
- control field: OSt
005 - DATE AND TIME OF LATEST TRANSACTION
- control field: 20220927104437.0
008 - FIXED-LENGTH DATA ELEMENTS
- fixed length control field: 220927|| aca||aabn | a|a d
040 ## - CATALOGING SOURCE
- Original cataloging agency: OSt
- Transcribing agency: OSt
100 ## - HEADING--PERSONAL NAME
- Personal name: "UNITED STATES, COMMERCE (Deptt of-), FOREIGN COMMERCE (Bureau of-)"
670 ## - SOURCE DATA FOUND
- Source citation: Work cat.: (OSt)687463: "UNITED STATES, COMMERCE (Deptt of-), FOREIGN COMMERCE (Bureau of-)" 365887, Investment in Pakistan Conditions and outlook for, 1954
